| 000 | 00962nam0a22002651 4500 | ||
|---|---|---|---|
| 001 | rc\408507 | ||
| 005 | 20260407071603.0 | ||
| 010 |
_a5-02-002022-2 _9600 |
||
| 035 | _a(NLR Aleph) 005656679 | ||
| 090 |
_a6829145 _c6829145 |
||
| 100 | _a20030616d1988 |||y0rusy50 ca | ||
| 101 | 0 | _arus | |
| 102 | _aRU | ||
| 105 | _aa ||||||||| | ||
| 200 | 1 |
_aПроблемы палеонтологии и стратиграфии _fОтв. ред. Б.С. Соколов и др. _gИн-т геологии и разраб. горючих ископаемых |
|
| 210 |
_aМ. _cНаука _d1988 |
||
| 215 |
_a111, [2] с., [1] л. портр. _cил. _d22 |
||
| 320 | _aБиблиогр. в конце разделов | ||
| 700 | 1 |
_7ca _8rus _aАлиев _bМ. М. _f1908-1985 _gМуса Мирзоевич _3RU\NLR\AUTH\770281544 _92653511 |
|
| 801 | 0 |
_aRU _bNLR _gpsbo |
|
| 801 | 1 |
_aRU _bELAR _2rusmarc |
|
| 852 |
_aNLR _j88-5/1285 |
||
| 942 | _cBOOK | ||
| 980 | _aNB | ||